000 03004nam0a2200409 4500
001 RU\NLR\BIBL_A\011944878
005 20230808131109.0
010 _a978-5-91276-208-9
_9300
021 _aRU
_bКН-П-19-003226
_9КН-П-19-0231
035 _a(NLR Aleph) 011944878
035 _a(RuMoRGB)009869072
090 _a11112318
_c11112318
100 _a20190222d2018 k y0rusy50 ca
101 0 _arus
102 _aRU
105 _aac||z|||100zy
200 1 _aИнновационные подходы в туристско-краеведческой деятельности системы детско-юношеского и молодежного туризма: проблемы и перспективы развития
_eсборник материалов Всероссийской (с международным участием) научно-практической конференции памяти Р.И. Бочаровой, г. Краснодар, 22 декабря 2018 г.
_fVI "Бочаровские чтения", Министерство образования, науки и молодежной политики Краснодарского края, ГБУ "Центр туризма и экскурсий" Краснодарского края [и др.
_gредактор-составитель: Самойленко А.А.]
210 _aКраснодар
_cИзд-во Кубанского социально-экономического института
_d2018
215 _a321 с.
_cил., портр., табл.
_d21
320 _aБиблиогр. в конце ст.
606 1 _aДетский туризм
_yРоссийская Федерация
_jСъезды, совещания и т.п
_2nlr_sh1
_2nlr_sh2
_3RU\NLR\AUTH\661430018
606 1 _aКраеведческая работа
_xСредняя школа
_jСъезды, совещания и т.п
_2nlr_sh1
_2nlr_sh2
_3RU\NLR\AUTH\661391338
606 1 _aДети
_xЭкологическое воспитание
_jСъезды, совещания и т.п
_2nlr_sh2
_3RU\NLR\AUTH\661468189
606 1 _aТуризм молодёжный
_jСъезды, совещания и т.п
_2nlr_sh1
_2nlr_sh2
_3RU\NLR\AUTH\661376605
686 1 _aЧ518.113.9молодёж.я431
686 1 _aЧ421.385.4я431
686 1 _aЧ313.522.7я431
702 1 _aБочарова
_bР. И.
_gРаиса Ивановна
_4570
702 1 _aСамойленко
_bА. А.
_gАлександр Анатольевич
_4220
711 1 2 _aБочаровские чтения
_d6
_f2018
_eКраснодар
_3RU\NLR\AUTH\880496608
712 0 2 _aЦентр туризма и экскурсий Краснодарского края
_3RU\NLR\AUTH\880496611
_4570
942 _cBOOK
980 _aNBR
980 _aNB